| 000 | 00439nam a2200169Ia 4500 | ||
|---|---|---|---|
| 003 | OSt | ||
| 005 | 20231205151153.0 | ||
| 008 | 230406s9999 xx 000 0 und d | ||
| 020 | _a9781509804795 | ||
| 082 |
_a363.3 _bKUMF |
||
| 100 | _aKUMAR, Amitava | ||
| 245 | 2 | _aForeigner Carrying in the Crook of His Arm a Tiny Bomb | |
| 260 |
_aDelhi _bPicador India _c2015 |
||
| 300 | _a257 | ||
| 650 | _a Terrorism; Terrorists | ||
| 942 |
_cBK _2ddc |
||
| 999 |
_c1647 _d1647 |
||